Heartstopper Characters - Statistics

General Stats
  • This quiz has been taken 1,007 times
  • The average score is 13 of 16
Answer Stats
Answer Hint % Correct
Charlie Spring Can run
100%
Nick Nelson The Rugby King
99%
Elle Argent Changed school
95%
Tao Xu Was the last to know of the triple date
95%
Darcy Olsson Plays the trumpet
93%
Ben Hope Seemed nice for exactly one minute
91%
Tara Jones Has very soft hands
91%
Harry Greene Likes to chuck things at people
90%
Imogen Heaney Her date got cancelled
86%
Tori Spring Sometimes appears out of nowhere
82%
Isaac Henderson Always supportive of everybody
69%
Mr Ajayi Very supportive teacher
64%
Sarah Nelson Awesome mum
64%
Coach Singh Rugby coach
57%
Nellie Likes to sit on laps
57%
Headmaster Barnes Announces the sports day
21%
No matching quizzes found
Score Distribution
Percent of People with Each Score
Percentile by Number Answered
Your Score History
You have not taken this quiz